000 00900cam a2200337 4500500
005 20260329005355.0
041 _afre
042 _adc
100 1 0 _aMarguier, Aude
_eauthor
245 0 0 _aCause toujours : vices et vertus du langage chez les classiques
260 _c2023.
500 _a65
690 _aConflit
690 _aConsensus
690 _aConvention
690 _aDialogue
690 _aHabermas
690 _aHobbes
690 _aJohn Locke
690 _aMaïeutique
690 _aMalentendu
690 _aNégociation
690 _aNietzsche
690 _aParole
690 _aPlaton
690 _aRelations
690 _aSocrate
690 _aVérité
786 0 _nPhilosophie magazine | 170 | 6 | 2023-06-01 | p. 27-29 | 1951-1787
856 4 1 _uhttps://shs.cairn.info/magazine-philosophie-magazine-2023-6-page-27?lang=fr&redirect-ssocas=7080
999 _c1842780
_d1842780